000 00909nam a2200265Ia 4500
008 160319s9999 xx 000 0 und d
100 _a Rees, Laurence, 1957-
245 _aAuschwitz : the Nazis and the final solution:
245 _bFrenzied killing, liberation and revenge /
260 _bBritish Broadcasting Corportion,
260 _c2005
300 _a1 DVD-video :
300 _bblack and white illustrations ;
300 _c4 3/4 in.
440 _aBBC history of World War II.
500 _aTwo titles in each DVD. ; "The death camp of the Jews"--Container.
650 _aHolocaust survivors --
650 _aHolocaust, Jewish (1939-1945) -- Poland.
650 _aWar criminals -- Germany --
650 _xInterviews.
650 _xInterviews.
700 _aAuschwitz : the death camp of the Jews., Title.
700 _aBalazova, Martina.
700 _aSuherland, Dominic.,
999 _c292521
_d292521